Estudio de prefactibilidad de un Biodigestor para mediano matadero ubicado en Tipitapa, municipio de Managua
Presenta un estudio de prefactibilidad para la construcción de un Biodigestor para PYME en un matadero ubicado en Tipitapa, departamento de Managua.
| Main Authors: | , |
|---|---|
| Other Authors: | |
| Format: | Tesis Section = Libro |
| Language: | Undetermined Spanish |
| Published: |
Managua
UNI
2012
|
| Subjects: |
| LEADER | 00950nam a2200253Ia 4500 | ||
|---|---|---|---|
| 008 | 240830s9999 xx 000 0 und d | ||
| 040 | |a BIBLIOTECA-RUPAP Mon 665.776 H557 | ||
| 041 | |a spa | ||
| 082 | |a Mon 665.776 H557 | ||
| 100 | 1 | |a Hernández García, Glenda Nineth | |
| 100 | 1 | |b Valerio, María José | |
| 245 | 1 | 0 | |a Estudio de prefactibilidad de un Biodigestor para mediano matadero ubicado en Tipitapa, municipio de Managua |
| 260 | |a Managua |b UNI |c 2012 | ||
| 300 | |a 76 p. :il. | ||
| 500 | |a Contiene: anexos. | ||
| 502 | |a Tesis (Ingeniero Industrial)- UNI, 2012. | ||
| 520 | 3 | |a Presenta un estudio de prefactibilidad para la construcción de un Biodigestor para PYME en un matadero ubicado en Tipitapa, departamento de Managua. | |
| 650 | 7 | |a BIOGAS | |
| 650 | 7 | |b BIODIGESTORES | |
| 650 | 7 | |c PRODUCTO DE RESIDUOS COMO COMBUSTIBLES | |
| 700 | 1 | |a Tutor: |b Fuentes Espinoza, Oscar Danilo | |
| 942 | |c BK |2 ddc | ||
| 991 | |a TESIS | ||
| 999 | |c 17756 | ||